000
00251nam a2200109Ia 4500
008
190216s9999||||xx |||||||||||||| ||und||
100
_a
Ponkunnam Varkey
245
0
_a
Thoolikachithrangal
260
_b
Null
650
_a
Jeeva Charithram
942
_c
BK
999
_c
23803
_d
23803